|
|
|
|
| LEADER |
00917nam a22002412a 4500 |
| 001 |
001686160 |
| 003 |
CZ BrMZK |
| 005 |
20190531124859.0 |
| 007 |
ta |
| 008 |
190531s1897 gw er|||||||||||ger d |
| 040 |
|
|
|a BOA001
|b cze
|e aacr2
|
| 100 |
1 |
|
|a Metcalf, Henry Clayton
|4 dis
|
| 245 |
1 |
0 |
|a Entwickelungsgeschichte und gegenwärtiger Stand des öffentlichen Verkehrswesens von Paris mit besonderer Berücksichtigung des französischen Kommunalsteuersystems /
|c Henry Clayton Metcalf
|
| 260 |
|
|
|a Berlin :
|b Henry Clayton Metcalf,
|c 1897
|
| 300 |
|
|
|a 57 s.
|
| 502 |
|
|
|a Disertace--Friedrich-Wilhelms-Universität Berlin, 1897
|
| 655 |
|
7 |
|a disertace
|7 fd132024
|2 czenas
|
| 710 |
2 |
|
|a Friedrich-Wilhelms-Universität Berlin
|7 ko2004238874
|
| 910 |
|
|
|a BOA001
|b X-0366.074
|
| 990 |
|
|
|a BK
|
| 993 |
|
|
|a Y
|
| 991 |
|
|
|b 201905
|
| 996 |
6 |
|
|b 2618985637
|c X-0366.074
|l MZK
|r Sklad / do 24 hodin
|n 0
|w 001726690
|u 000010
|a 1
|e BOA001
|j MZK50
|s P
|